Compêndio de Introdução à Ciência do Direito (Record no. 133034)

MARC details
000 -LÍDER
campo de controle de tamanho fixo 00782 a2200193 4500
001 - NÚMERO DE CONTROLE
campo de controle 133034
020 ## - ISBN - INTERNATIONAL STANDARD BOOK NUMBER
ISBN - International Standard Book Number 85-02-01634-2
040 ## - FONTE DA CATALOGAÇÃO
Instituição que transcreveu o registro Leonardo Da Vinci
041 ## - CÓDIGO DE IDIOMA
Código do idioma do texto/trilha sonora ou título diferente Português
082 ## - CDD - CLASSIFICAÇÃO DECIMAL DE DEWEY
Número de Classificação 340.1 D612c
Número do exemplar D612c
100 ## - ENTRADA PRINCIPAL--NOME PESSOAL
Nome pessoal DINIZ, Maria Helena
245 ## - TÍTULO
Título Compêndio de Introdução à Ciência do Direito
250 ## - EDIÇÃO
Edição 10.ed
260 ## - PUBLICAÇÃO, DISTRIBUIÇÃO, ETC.
Nome do editor, distribuidor, etc. Saraiva
Data da publicação, distribuição, etc. 1998
Local de publicação, distribuição, etc. São Paulo
300 ## - DESCRIÇÃO FÍSICA
Extensão 578
362 ## - DATAS DE PUBLICAÇÃO E/OU DESIGNAÇÃO SEQUENCIAL
Datas de publicação e/ou designação sequencial 19980000
697 ## - ENTRADA DE ASSUNTO LOCAL--ENTIDADE COLETIVA (RLIN)
Nome corporativo ou nome da jurisdição Direito Civil
-- Ciência jurídica
-- Jusnaturalismo
-- Empirismo
-- Historicismo casuístico
-- Positivismo sociológico
-- Positivismo jurídico
-- Racionalismo dogmático
-- Normativismo jurídico
-- Hans Kelsen
-- Culturalismo jurídico
-- Conceitos jurídicos
-- Direito positivo
-- Fontes jurídicas
-- Norma jurídica
-- Relação jurídica
-- Brasil
-- FIPEN
942 ## - ELEMENTOS DE ENTRADA ADICIONADOS (KOHA)
Tipo de material Koha Livros
Holdings
Situação do descarte Situação das perdas Situação física Não pode ser emprestado Biblioteca de origem Biblioteca atual Data de aquisição Total de empréstimos Número de chamada completo Código de barras Data de último acesso Data do preço efetivo Tipo de material Koha
        Leonardo Da Vinci - Osasco Leonardo Da Vinci - Osasco 27/03/2024   340.1 D612c O008016 27/03/2024 27/03/2024 Livros